000 00685nam a2200205 i 4500
001 33927
003 ES-MaACL
005 20230906154838.0
007 t|
008 030203s1967 sp ||||1| spa d
100 1 _aBochenski, Joseph M.
_929672
245 1 0 _aHistoria de la lógica formal /
_cJoseph M. Bochenski ; edición española de Millán Bravo Lozano.
260 _aMadrid :
_bGredos,
_c[1967]
300 _a595 p., 4 lám. ;
_c25 cm.
490 1 _aBiblioteca hispánica de filosofía ;
_v55
700 1 _aBravo Lozano, Millán.
_931491
830 0 _aBiblioteca hispánica de filosofía ;
_v55
_9181000
852 _aES-MaACL
_jC-45526
_bR.67166
999 _c33927
_d33927